000
00220nam a22000857a 4500
008
160708b xxu||||| |||| 00| 0 eng d
100
_9
2448
_a
Ivanov, S
245
_a
A Book of Boats and Ships
260
_a
Moscow
_b
Malysh
_c
1982
999
_c
2119
_d
2119